Lyrical Answers - Taylor Swift - Statistics

General Stats
  • This quiz has been taken 1,561 times
  • The average score is 8 of 15
Answer Stats
Hint Answer % Correct
Why can't the old Taylor come to the phone right now? cause she's dead
99%
What did Rebekah steal in a feud with her neighbour? his dog
72%
If love is not black and white or burning red, what colour is it? golden
71%
What was Romeo throwing? pebbles
70%
How did it make you feel when he said it would've been fine if you were closer in age? that made me want to die
65%
What did Taylor put into all of her songs to make us keep singing along? narcotics
64%
Who is the reason for the teardrops on Taylor's guitar? Drew
62%
What shape was the bride's gown when Taylor rudely barged in on her white veil occasion? like a pastry
62%
What did Este's husband's mistress take out? a big life insurance policy
57%
Who will Taylor stumble on home to? her cats
51%
When are we getting back together? never ever ever
51%
Why is it so sad to think about the good times? cause now we got Bad Blood
35%
Where were we when we were somewhere else? Paris
34%
What will happen if the redneck heartbreak comes around saying sorry to Taylor? her daddy's gonna show him how sorry he'll be
31%
When did Taylor know the relationship was cursed? from the first old fashioned
18%
No matching quizzes found
Score Distribution
Percent of People with Each Score
Percentile by Number Answered
Your Score History
You have not taken this quiz